00409nam a2200157Ia 45000010006000000050017000060080041000230410008000640820018000721000036000902450072001262600009001983000028002076500008002356540008002432358020260414150946.0260414t2017||||xx |||||||||||||| ||spa|| aESP a670.3337bM42 aMéndez Delgado, FernandoeAUT 0aLos procesos industriales y el medio ambiente :bun nuevo paradigma c2017 a456 páginas :c24 cm. aTCA aCII